| 000 | 01321cam a2200253 4500 | ||
|---|---|---|---|
| 001 | ABS63531 | ||
| 008 | 000000n2001 000 0 eng u | ||
| 035 | _a(Sirsi) u111236 | ||
| 100 | _aAtkinson, D. | ||
| 245 | _aExtensions of time down to the architects | ||
| 260 | _c2001 | ||
| 490 |
_aConstruction News _v(6705) 1 March 2001, 14(1) |
||
| 520 | _aIn standard construction contracts the contractor is allowed an extension of time for certain specified events. Considers the obligation of the architect who decides if and what extension of time is due. Examines "Royal Brompton Hospital NHS Trust v Watkins Gray International" (2000) which centred around a claim by the hospital that W was in breach of contract, or negligent in granting extensions of time. The hospital's claims were dismissed because its allegations of Ws performance had not been considered by an independent architect. | ||
| 590 | _aABS | ||
| 650 | _aEXTENSIONS OF TIME | ||
| 650 | _aARCHITECTS | ||
| 650 | _aROYAL BROMPTON HOSPITAL NHS TRUST V WATKINS GRAY INTERNATIONAL | ||
| 650 | _aBUILT ENVIRONMENT-BUILDING CONTRACT FORMS | ||
| 650 | _aCONCURRENT DELAYS | ||
| 650 | _aJCT 1980 CL25 | ||
| 650 | _aBALFOUR BEATTY BUILDING LTD V CHESTERMOUNT PROPERTIES LTD | ||
| 690 | _aBUILT ENVIRONMENT-BUILDING CONTRACT FORMS | ||
| 942 | _n0 | ||
| 999 |
_c66278 _d66278 |
||